| 000 | 00515nam a2200181Ia 4500 | ||
|---|---|---|---|
| 008 | 240925s9999 xx 000 0 und d | ||
| 020 | _a201631709 | ||
| 082 | _a005.43 AND | ||
| 100 | _aAndreasson., Tarbjor | ||
| 245 | 0 | _aGetting Started with UNIX and X | |
| 250 | _aNA | ||
| 260 |
_aWokingham: _bAddison-Wily Publishing Company _c,1993. |
||
| 300 |
_axi,271p. _bNA _fOriginal |
||
| 500 | _aIncludes Index | ||
| 600 | _aComputer Science | ||
| 650 | _aComputer science, information & general works | ||
| 942 | _cBK | ||
| 999 |
_c5615 _d5615 |
||